[Event "Warsaw op (Women)"]
[Site "Warsaw"]
[Date "1996.??.??"]
[Round "1"]
[White "Lewandowska, Katarzyna"]
[Black "Safranska, Anda"]
[Result "0-1"]
[WhiteElo "2020"]
[BlackElo "2255"]

1.d4 Nf6 2.Nf3 g6 3.c4 Bg7 4.Nc3 O-O 5.e4 d6 6.Be2 e5 7.O-O Nc6 8.d5 Ne7
9.Nd2 a5 10.a3 Bd7 11.Rb1 a4 12.f4 exf4 13.Nf3 c6 14.c5 cxd5 15.cxd6 Nc8
16.e5 Ng4 17.Bxf4 Qb6+ 18.Kh1 Bc6 19.Nxd5 Bxd5 20.Qxd5 Nf2+ 21.Rxf2 Qxf2
22.Qe4 Qb6 23.Be3 Qa5 24.Qxb7 Bxe5 25.Bd2 Nxd6 26.Qe7 Qb6 27.Qxe5 Rfe8 28.Qd4 Qxd4
29.Nxd4 Nf5 30.Bf3 Rad8 31.Nxf5 Rxd2 32.Ng3 Rxb2 33.Rf1 Re3 34.Bd5 Kg7 35.Rf4 Kh6
36.Rf1 Rxa3  0-1

[Event "Warsaw op (Women)"]
[Site "Warsaw"]
[Date "1996.??.??"]
[Round "5"]
[White "Umanskaya, Irina"]
[Black "Kiseleva, Natalia"]
[Result "0-1"]
[WhiteElo "2320"]
[BlackElo "2270"]

1.d4 Nf6 2.c4 g6 3.Nc3 Bg7 4.e4 d6 5.Nf3 O-O 6.Be2 e5 7.O-O Nc6 8.d5 Ne7
9.Ne1 Ne8 10.Be3 f5 11.f3 h5 12.c5 f4 13.Bf2 g5 14.cxd6 cxd6 15.Rc1 Ng6 16.a4 Rf7
17.Nb5 Bf8 18.Kh1 Rg7 19.Nxa7 Bd7 20.Nb5 Nh4 21.Bxh4 gxh4 22.Nd3 Qg5 23.Rg1 Be7
24.Nc7 Nxc7 25.Rxc7 Bd8 26.Rxb7 Bxa4 27.Rxg7+ Qxg7 28.b3 Bd7 29.Qd2 Bb6 30.Rb1 Kh7
31.Bf1 Rg8 32.Qb4 h3 33.Rb2 Bd4 34.Ra2 h4 35.Qxd6 hxg2+ 36.Rxg2 Bh3 37.Qe6 Bxg2+  0-1

[Event "Wattens op"]
[Site "Wattens"]
[Date "1996.??.??"]
[Round "3"]
[White "Ritz, Thomas"]
[Black "Uhlmann, Wolfgang"]
[Result "0-1"]
[WhiteElo "2175"]
[BlackElo "2460"]

1.d4 Nf6 2.c4 g6 3.Nc3 Bg7 4.e4 d6 5.Nf3 O-O 6.Be2 e5 7.O-O Nc6 8.d5 Ne7
9.b4 Nh5 10.Re1 f5 11.Nd2 Nf6 12.a4 f4 13.f3 h5 14.c5 g5 15.Nc4 Ne8 16.Bd2 Rf6
17.cxd6 cxd6 18.Rf1 Rg6 19.h3 Kh7 20.Ra3 Ng8 21.Be1 Nh6 22.a5 g4 23.hxg4 hxg4
24.fxg4 Nxg4 25.Qd3 Bd7 26.Bf3 Qg5 27.Bxg4 Qxg4 28.Qf3 Qg5 29.Nd2 Nf6 30.Bf2 Bh6  0-1

[Event "Wattens op"]
[Site "Wattens"]
[Date "1996.??.??"]
[Round "4"]
[White "Grab, Ratko"]
[Black "Wurzer, Gerhard"]
[Result "1/2-1/2"]
[WhiteElo "2060"]
[BlackElo "1830"]

1.d4 g6 2.c4 Nf6 3.Nc3 Bg7 4.e4 d6 5.Nf3 O-O 6.Be2 e5 7.O-O Nc6 8.d5 Ne7
9.Ne1 Nd7 10.f3 f5 11.g4 Nf6 12.Ng2 a6 13.Bd2 Rb8 14.Be1 c5 15.Rb1 Bd7 16.b4 b6
17.Bf2 Qc8 18.bxc5 bxc5 19.g5 Nh5 20.Qc2 Qc7 21.Rxb8 Rxb8 22.Rb1 Rxb1+ 23.Qxb1 Nf4
24.h4 Nxe2+ 25.Nxe2 f4 26.Nc1 Nc8 27.Be1 Bf8 28.Nb3 Qb7 29.Qc1 Be7 30.Bc3 Ba4
31.Qa3 Be8 32.Ba5 Nb6 33.Nd2 Na4 34.Qb3 Qa7 35.Nf1 Kg7 36.Nh2 h6 37.gxh6+ Kxh6
38.Ng4+ Kg7 39.Kf2 Bd7 40.Ke2 Be8 41.Nf2 Kf7 42.Nd3 Bd7 43.Kd2 Ke8 44.Ke2 Kf7
45.Nf2 Qa8 46.Ng4 Qa7 47.Kf2 Qa8 48.Kg1 Qc8 49.Nf2 Ke8 50.Nd3 Bd8 51.Bxd8 Kxd8
52.Nf2 Kc7 53.Kh2 Qe8 54.Nh3 Bxh3 55.Kxh3 Qd7+ 56.Kh2 Nb6 57.Ne1 Qe7  1/2-1/2

[Event "Werfen op-A"]
[Site "Werfen"]
[Date "1996.??.??"]
[Round "3"]
[White "Eberhard, Kurt"]
[Black "Mittermayr, Gerhard"]
[Result "1-0"]
[WhiteElo "2010"]
[BlackElo "2200"]

1.d4 Nf6 2.c4 g6 3.Nc3 Bg7 4.e4 d6 5.Nf3 O-O 6.Be2 e5 7.O-O Nc6 8.d5 Ne7
9.Nd2 Nd7 10.b4 a5 11.bxa5 Rxa5 12.Nb3 Ra8 13.a4 b6 14.a5 Rb8 15.axb6 cxb6
16.Nb5 Nc5 17.Nxc5 bxc5 18.Bd2 f5 19.f3 h5 20.Ra7 Rb7 21.Qa4 f4 22.Rxb7 Bxb7
23.Qa5 Bc8 24.Qxd8 Rxd8 25.Ba5 Rd7 26.Bc7 Ba6 27.Bxd6 Nxd5 28.Bxc5 Ne3 29.Ra1 Rd2
30.Kf2 Bxb5 31.cxb5 Rb2 32.b6 Nc2 33.Ra2 Rxa2 34.Bc4+ Kh7 35.Bxa2 Nd4 36.Bd5  1-0

[Event "Werfen op-A"]
[Site "Werfen"]
[Date "1996.??.??"]
[Round "4"]
[White "Ikonnikov, Vyacheslav"]
[Black "Krachler, Guenther"]
[Result "1-0"]
[WhiteElo "2540"]
[BlackElo "2165"]

1.d4 Nf6 2.Nf3 g6 3.c4 Bg7 4.Nc3 O-O 5.e4 d6 6.Be2 e5 7.O-O Nc6 8.d5 Ne7
9.Ne1 Nd7 10.Be3 f5 11.f3 f4 12.Bf2 g5 13.a4 a5 14.Nd3 b6 15.Be1 Nf6 16.Nf2 h5
17.h3 Rf7 18.Nb5 Bf8 19.b4 axb4 20.Bxb4 Kh8 21.a5 bxa5 22.Rxa5 Rxa5 23.Bxa5 Neg8
24.Qb3 Rg7 25.Rb1 g4 26.fxg4 hxg4 27.hxg4 Ne8 28.Qd1 Qh4 29.Rb3 Rh7 30.Rh3 Qe7
31.Rxh7+ Qxh7 32.g5 Ba6 33.Bh5 Bxb5 34.cxb5 Qd7 35.Qb3  1-0

[Event "Werfen op-A"]
[Site "Werfen"]
[Date "1996.??.??"]
[Round "4"]
[White "Brglez, Rado"]
[Black "Holzbauer, Johannes"]
[Result "1/2-1/2"]
[WhiteElo "2280"]
[BlackElo "2075"]

1.d4 Nf6 2.c4 g6 3.Nc3 Bg7 4.e4 d6 5.Nf3 O-O 6.Be2 e5 7.O-O Nc6 8.d5 Ne7
9.b4 Nd7 10.Be3 f5 11.Ng5 Nf6 12.f3 f4 13.Bf2 h6 14.Ne6 Bxe6 15.dxe6 a5 16.a3 axb4
17.axb4 Rxa1 18.Qxa1 Nc6 19.Nd5 Nxd5 20.cxd5 Nd4 21.Bd3 c6 22.Qa7 Qc7 23.Rc1 Rc8
24.Bxd4 exd4 25.dxc6 bxc6 26.Qxc7 Rxc7 27.b5 c5 28.Bc4 Kf8 29.Kf1 Rb7 30.Ke2 Bf6
31.Kd3 Ra7 32.Rc2 Ra3+ 33.Kd2 Bd8 34.Ra2  1/2-1/2

[Event "Werfen op-A"]
[Site "Werfen"]
[Date "1996.??.??"]
[Round "6"]
[White "Ikonnikov, Vyacheslav"]
[Black "Martin, Andreas"]
[Result "1-0"]
[WhiteElo "2540"]
[BlackElo "2255"]

1.d4 Nf6 2.Nf3 g6 3.c4 Bg7 4.Nc3 d6 5.e4 O-O 6.Be2 e5 7.O-O Nc6 8.d5 Ne7
9.Ne1 Nd7 10.Be3 f5 11.f3 f4 12.Bf2 h5 13.a4 a5 14.Nd3 b6 15.Be1 Nc5 16.Nb5 g5
17.b4 Nxd3 18.Qxd3 g4 19.bxa5 bxa5 20.c5 Ng6 21.cxd6 cxd6 22.Rc1 Rf7 23.Rc6 Bf8
24.Qc3 g3 25.hxg3 fxg3 26.Bxg3 Qg5 27.Bh2 Bh3 28.Rf2 Nh4 29.f4 exf4 30.Qxh3 Be7
31.Bf3 Qe5 32.Rc8+ Rxc8 33.Qxc8+ Kh7 34.Qc3 Qg5 35.Kh1 Bf6 36.Qxa5 Rg7 37.Qd2 Be5
38.a5 Rb7 39.Be2 Nxg2 40.Rxg2 Qh4 41.Qd3  1-0

[Event "Werfen op-A"]
[Site "Werfen"]
[Date "1996.??.??"]
[Round "7"]
[White "Karner, Christoph"]
[Black "Eberhard, Kurt"]
[Result "1-0"]
[WhiteElo "2280"]
[BlackElo "2010"]

1.d4 Nf6 2.c4 g6 3.Nc3 Bg7 4.e4 d6 5.Be2 O-O 6.Nf3 e5 7.O-O Nc6 8.d5 Ne7
9.b4 Nh5 10.c5 Nf4 11.Bxf4 exf4 12.Rc1 h6 13.Nd4 g5 14.h3 f5 15.cxd6 cxd6
16.exf5 Nxf5 17.Ne6 Bxe6 18.dxe6 Rc8 19.Nd5 Rxc1 20.Qxc1 Ne7 21.Qc4 Nxd5
22.Qxd5 Qe7 23.Bf3 Rb8 24.Rc1 Be5 25.Bh5 Kg7 26.Bf7 Rd8 27.b5 Kh8 28.a4 b6
29.Rc6 Kg7 30.Qe4 Kh8 31.Qg6 Bg7 32.Qc2 Qf6 33.Rc7 Qa1+ 34.Qc1 Qxc1+ 35.Rxc1 Bf6
36.Rc7 Kg7 37.Bh5+  1-0

[Event "Oberliga Wuert9697"]
[Site "Wuerttemberg"]
[Date "1996.??.??"]
[Round "?"]
[White "Raedeker, Bernd"]
[Black "Ott, Frank"]
[Result "1/2-1/2"]
[WhiteElo "2200"]
[BlackElo "2245"]

1.Nf3 d6 2.d4 Nf6 3.c4 g6 4.Nc3 Bg7 5.e4 O-O 6.Be2 e5 7.O-O Nc6 8.d5 Ne7
9.b4 a5 10.bxa5 c5 11.dxc6 Nxc6 12.Be3 Qxa5 13.Qb3 Bg4 14.Bb6 Qb4 15.Rfb1 Qxb3
16.axb3 Nd4 17.Bd1 Ne6  1/2-1/2

[Event "Oberliga Wuert9596"]
[Site "Wuerttemberg"]
[Date "1996.??.??"]
[Round "?"]
[White "Schnepp, Gunnar"]
[Black "Pieper, Thomas"]
[Result "1-0"]
[WhiteElo "2280"]
[BlackElo "2205"]

1.d4 Nf6 2.c4 g6 3.Nc3 Bg7 4.e4 d6 5.Nf3 O-O 6.Be2 e5 7.O-O Nc6 8.d5 Ne7
9.Nd2 a5 10.a3 Nd7 11.Rb1 f5 12.b4 Kh8 13.Qc2 Ng8 14.f3 axb4 15.axb4 Ngf6
16.Bd3 Nh5 17.exf5 gxf5 18.Bxf5 e4 19.Bg4 Bd4+ 20.Kh1 exf3 21.Nxf3 Ne5 22.Bg5 Qe8
23.Bxh5 Qxh5 24.Nxd4 Rxf1+ 25.Rxf1 Qxg5 26.Rf8+ Kg7 27.Rxc8 Ra1+ 28.Nb1 Qd2
29.Rxc7+ Kf8  1-0

[Event "Yalta op"]
[Site "Yalta"]
[Date "1996.??.??"]
[Round "1"]
[White "Nechaev, Andrei"]
[Black "Golubev, Mihail"]
[Result "0-1"]
[WhiteElo "2240"]
[BlackElo "2525"]

1.d4 Nf6 2.c4 g6 3.Nc3 Bg7 4.e4 d6 5.Nf3 O-O 6.Be2 e5 7.O-O Nc6 8.d5 Ne7
9.Ne1 Nd7 10.Nd3 f5 11.Bd2 Kh8 12.f3 Nf6 13.Qc2 c6 14.b4 cxd5 15.cxd5 Bd7
16.Nf2 Rc8 17.Qd3 Qb6 18.a4 Nh5 19.g3 f4 20.Kg2 fxg3 21.hxg3 Ng8 22.a5 Qd8
23.Ng4 Ngf6 24.Nb5 Nxg3 25.Kxg3 Nh5+ 26.Kh3 Nf4+ 27.Bxf4 exf4 28.Rac1 Rxc1
29.Rxc1 h5 30.Nxd6 Qg5 31.Rg1 hxg4+ 32.fxg4 f3 33.Bxf3 Qf4 34.Nxb7 Be5 35.Qe2 Qh6+
36.Kg2 Qh2+ 37.Kf1 Bb5  0-1

[Event "Yalta op"]
[Site "Yalta"]
[Date "1996.??.??"]
[Round "1"]
[White "Averkin, Orest N"]
[Black "Nekrasova, Elena"]
[Result "1-0"]
[WhiteElo "2455"]
[BlackElo "2085"]

1.d4 Nf6 2.Nf3 g6 3.c4 Bg7 4.Nc3 O-O 5.e4 d6 6.Be2 e5 7.O-O Nc6 8.d5 Ne7
9.a4 a5 10.Ne1 Nd7 11.Nd3 f5 12.f3 f4 13.b3 g5 14.Ba3 b6 15.b4 axb4 16.Bxb4 Rf6
17.Nb5 Nc5 18.Nxc5 bxc5 19.Be1 Rh6 20.Rf2 Qe8 21.Bf1 g4 22.fxg4 Qg6 23.h3 Qxe4
24.Bd3 Qe3 25.Ra3 c6 26.dxc6 Nxc6 27.Bb1 Nd4 28.Rxe3 fxe3 29.Re2 Nxe2+ 30.Qxe2 Rxa4
31.Qxe3 Bb7 32.Be4 Bxe4 33.Qxe4 Rf6 34.g5 Rf4 35.Qd5+ Kf8 36.Qxd6+ Kf7  1-0

[Event "Yalta op"]
[Site "Yalta"]
[Date "1996.??.??"]
[Round "3"]
[White "Averkin, Orest N"]
[Black "Golubev, Mihail"]
[Result "1/2-1/2"]
[WhiteElo "2455"]
[BlackElo "2525"]

1.d4 Nf6 2.c4 g6 3.Nc3 Bg7 4.e4 d6 5.Nf3 O-O 6.Be2 e5 7.O-O Nc6 8.d5 Ne7
9.Ne1 Nd7 10.Nd3 f5 11.f3 f4 12.b4 Nf6 13.Nf2 h5 14.c5 g5 15.a4 Kh8 16.a5 Rg8
17.g4 fxg3 18.hxg3 Bh6 19.Kg2 Ng6 20.Rh1 Qe7 21.Kf1 h4 22.cxd6 cxd6 23.g4 Bd7
24.a6 bxa6 25.Bxa6 Rab8 26.Ba3 Rgf8 27.Ke1 Qd8 28.Qd2 Qb6 29.Bf1 Ne8 30.Rh3 Nc7
31.Nfd1 Nf4 32.Rh2 Nb5 33.Nxb5 Bxb5 34.Ne3 Bxf1 35.Kxf1 Bg7 36.Nf5 Bf6 37.Qf2 Qa6+
38.Kg1 Rfc8 39.Kh1 Rc3 40.Bb2 Qxa1+ 41.Bxa1 Rc1+ 42.Qg1 Rxg1+ 43.Kxg1 Rxb4
44.Ra2 Kg8 45.Nxd6 Be7 46.Bxe5 Rb1+ 47.Kh2 Ng6 48.Nf5 Nxe5 49.Nxe7+ Kf8 50.Nc6 Nxf3+
51.Kg2 Ne1+ 52.Kf2 h3 53.Kg3 Rb3+ 54.Kh2 Nf3+ 55.Kxh3 Nd2+ 56.Kh2 Nxe4 57.Rxa7  1/2-1/2

[Event "Yalta op"]
[Site "Yalta"]
[Date "1996.??.??"]
[Round "7"]
[White "Averkin, Orest N"]
[Black "Kondenko, Alexey"]
[Result "1-0"]
[WhiteElo "2455"]
[BlackElo "2230"]

1.d4 Nf6 2.Nf3 g6 3.c4 Bg7 4.Nc3 d6 5.e4 O-O 6.Be2 e5 7.O-O Nc6 8.d5 Ne7
9.a4 Nh5 10.a5 c5 11.Re1 h6 12.g3 Nf6 13.Bf1 Ne8 14.Nh4 g5 15.Nf3 f5 16.exf5 Bxf5
17.Nd2 e4 18.Ndxe4 Ng6 19.f3 Bd4+ 20.Kh1 Qd7 21.Bg2 Ne5 22.Nb5 Bh3 23.Nxd4 cxd4
24.Rf1 Nxc4 25.Qxd4 Rc8 26.f4 Qf5 27.b3 Ne5 28.Ra2 Nf3 29.Qd3 Bxg2+ 30.Rxg2 Ne5
31.Qe2 Ng6 32.Rd1 g4 33.Bb2 Rf7 34.Qd3 Rcc7 35.Re2 Rce7 36.Rde1 Kf8 37.Qd4 a6
38.Ba3 Kg8 39.Kg1 Qd7 40.Bb2 Kh7 41.Qd3 Qb5 42.Qxb5 axb5 43.Ba3 Rd7 44.h3 gxh3
45.Kh2 Rf5 46.Bb2 b4 47.Kxh3 Rxd5 48.Nf2 Ng7 49.Ng4 Nh5 50.Re4 Rf7 51.Rxb4 Rxa5
52.Re8 Ra2 53.Bd4 Rd2 54.f5 Ne5 55.Nxe5 dxe5 56.Bxe5 Ng7 57.Bxg7 Kxg7 58.Rb5 Rd3
59.Re6 Kh7 60.Rbb6 Rxf5 61.Rxb7+ Kg8 62.Rg6+  1-0

[Event "Yalta op"]
[Site "Yalta"]
[Date "1996.??.??"]
[Round "8"]
[White "Klimenko, Igor"]
[Black "Nechaev, Andrei"]
[Result "0-1"]
[WhiteElo "2345"]
[BlackElo "2240"]

1.d4 Nf6 2.c4 g6 3.Nc3 Bg7 4.e4 d6 5.Be2 O-O 6.Nf3 e5 7.O-O Nc6 8.d5 Ne7
9.Ne1 Nd7 10.Be3 f5 11.f3 Rf7 12.b4 f4 13.Bf2 Nf6 14.c5 g5 15.Rc1 Ng6 16.cxd6 cxd6
17.a4 h5 18.a5 g4 19.Nb5 g3 20.Bxa7 Ne8 21.hxg3 fxg3 22.f4 exf4 23.Bb6 Qh4
24.Nf3 Qf6 25.Nbd4 Bg4 26.Nf5 Bxf5 27.exf5 Qxf5 28.Re1 Bf6 29.Bd3 Qg4 30.Re6 Nf8
31.Re4 Bg7 32.Rec4 Nd7 33.Bd4 Bxd4+ 34.Rxd4 Ng7 35.Be2 Qf5 36.Rc7 Ne5 37.Rxf7 Qxf7
38.Nxe5 dxe5 39.Re4 Qf6 40.Bf3 Nf5 41.d6 Nxd6 42.Qd5+ Kg7 43.Rxe5 Nf7 44.Re1 Rd8
45.Qxb7 Qh4 46.Qc6 Rd3 47.Rc1 Re3 48.Qc3+ Rxc3 49.Rxc3 Qf6 50.Rd3 Qb2 51.Rd1 Qxb4  0-1

[Event "Yerevan ol (Men)"]
[Site "Yerevan"]
[Date "1996.??.??"]
[Round "2"]
[White "Lobron, Eric"]
[Black "Barcenilla, Rogelio"]
[Result "1-0"]
[WhiteElo "2585"]
[BlackElo "2450"]

1.d4 Nf6 2.Nf3 g6 3.c4 Bg7 4.Nc3 O-O 5.e4 d6 6.Be2 e5 7.O-O Nc6 8.d5 Ne7
9.b4 Nh5 10.Re1 f5 11.Ng5 Nf6 12.f3 c6 13.Be3 Bh6 14.Bd2 f4 15.Nh3 g5 16.Nf2 Kh8
17.a4 Rg8 18.a5 cxd5 19.cxd5 Bf8 20.Rc1 h5 21.h3 Ng6 22.Nb5 Ne8 23.Rc3 Rg7
24.Qc2 Bd7 25.Rc1 Nh4 26.Nc7 Nxc7 27.Rxc7 Rb8 28.b5 Qe8 29.a6 bxa6 30.bxa6 Ba4
31.Qa2 Bb5 32.Be1 Bxe2 33.Qxe2 Qa4 34.Rc8 Rxc8 35.Rxc8 Kg8 36.Kf1 Ng6 37.Qc4 Qa1
38.Rb8 Nh4 39.Nd3 Rf7 40.Rb7 g4 41.hxg4 hxg4 42.Qc8 gxf3 43.Qg4+ Rg7 44.Rxg7+ Bxg7
45.gxf3 Qd4 46.Nb4 Qd1 47.Qxh4 Qxf3+ 48.Kg1 Qxe4 49.Nc6 Qd3 50.Bf2 f3 51.Qd8+ Bf8
52.Qg5+ Kh8 53.Nd8 Qxd5 54.Qg6  1-0

[Event "Yerevan ol (Men)"]
[Site "Yerevan"]
[Date "1996.??.??"]
[Round "2"]
[White "Jacimovic, Dragoljub"]
[Black "Kupreichik, Viktor D"]
[Result "1-0"]
[WhiteElo "2455"]
[BlackElo "2510"]

1.d4 Nf6 2.c4 g6 3.Nc3 Bg7 4.e4 d6 5.Nf3 O-O 6.Be2 e5 7.O-O Nc6 8.d5 Ne7
9.Ne1 Ne8 10.Nd3 f5 11.exf5 gxf5 12.f4 Ng6 13.Be3 Nf6 14.fxe5 dxe5 15.Qb3 f4
16.Bc5 Re8 17.Rae1 b6 18.Ba3 Bf5 19.c5 Bh6 20.Nb4 Kh8 21.Bb5 bxc5 22.Bxe8 Qxe8
23.Nc6 Bd3 24.Rf3 c4 25.Qb7 e4 26.Rh3 Bg7 27.Qxc7 Rc8 28.Qb7 Nxd5 29.Nxd5 Qxc6
30.Nf6 Qxf6 31.Qxc8+ Nf8 32.Rh5 e3 33.Qa8 c3 34.Bxf8 Bxf8 35.bxc3 e2 36.Rh3 Bc4
37.Qxa7 h6 38.Qd4 Qxd4+ 39.cxd4 Bg7 40.Kf2 Bxd4+ 41.Kf3 Bd5+ 42.Kxf4 Bxg2
43.Rxh6+ Kg7 44.Rd6 Bc5 45.Rd7+ Kf6 46.Rxe2  1-0

[Event "Yerevan ol (Men)"]
[Site "Yerevan"]
[Date "1996.??.??"]
[Round "3"]
[White "Savchenko, Stanislav"]
[Black "Mrva, Martin"]
[Result "1-0"]
[WhiteElo "2580"]
[BlackElo "2410"]

1.d4 Nf6 2.c4 g6 3.Nc3 Bg7 4.e4 d6 5.Nf3 O-O 6.Be2 e5 7.O-O Nc6 8.d5 Ne7
9.b4 a5 10.Ba3 Nd7 11.bxa5 Nc5 12.Bxc5 dxc5 13.Nd2 Bd7 14.Nb3 b6 15.d6 Nc8
16.dxc7 Qxc7 17.Nd5 Qc6 18.axb6 Be6 19.a4 Bxd5 20.Qxd5 Qxd5 21.cxd5 Nxb6
22.a5 Nc8 23.Nxc5 Nd6 24.a6 Rfc8 25.Na4 Ra7 26.Rfc1 Rxc1+ 27.Rxc1 Nxe4 28.Nb6 Bf8
29.Nc8 Ra8 30.Rc6 Nc5 31.d6 Nd7 32.Rc7 e4 33.a7 Kg7 34.Bc4 Kh6 35.Bd5  1-0

[Event "Yerevan ol (Women)"]
[Site "Yerevan"]
[Date "1996.??.??"]
[Round "3"]
[White "Ramon, Vivian"]
[Black "Arakhamia, Ketevan"]
[Result "0-1"]
[WhiteElo "2260"]
[BlackElo "2455"]

1.d4 Nf6 2.c4 g6 3.Nc3 Bg7 4.e4 d6 5.Nf3 O-O 6.Be2 e5 7.O-O Nc6 8.d5 Ne7
9.b4 Nh5 10.g3 f5 11.Ng5 Nf6 12.f3 Ne8 13.Qb3 a5 14.bxa5 Rxa5 15.Ne6 Bxe6
16.dxe6 b6 17.Nd5 Kh8 18.Bd2 Ra7 19.a4 Nc6 20.Be3 Qc8 21.e7 Rg8 22.Bd3 Nf6
23.Qb1 Nxd5 24.cxd5 Nxe7 25.Rc1 Qf8 26.a5 Bh6 27.Bxh6 Qxh6 28.a6 Qe3+ 29.Kg2 g5
30.Re1 Qd4 31.Qd1 g4 32.fxg4 fxe4 33.Bxe4 Qxd1 34.Rexd1 Rxg4 35.Kf3 Rg8 36.Ra2 Rf8+
37.Ke3 Ng8 38.h3 Nf6 39.g4 Nd7 40.Bf5 Nc5 41.Rda1 Kg7 42.Ra3 b5 43.Rb1 Rfa8
44.Rxb5 Rxa6 45.Rxa6 Rxa6 46.Rb8 Ra3+ 47.Ke2 Ra2+ 48.Ke3 Ra3+ 49.Ke2 Nb3
50.Rc8 Nd4+ 51.Kd2 Nxf5 52.Rxc7+ Kf6 53.gxf5 Ra5 54.Rxh7 Rxd5+ 55.Ke3 Kxf5
56.h4 Ra5 57.Rf7+ Kg4 58.Ke4 Ra4+ 59.Kd5 Rd4+ 60.Ke6 e4 61.Rg7+ Kf3 62.Rf7+ Ke2
63.Rf4 Kd3 64.Rf1 e3 65.Rd1+ Kc3  0-1

[Event "ARM-ch"]
[Site "Yerevan"]
[Date "1996.??.??"]
[Round "3"]
[White "Lputian, Smbat G"]
[Black "Nalbandian, Tigran"]
[Result "1-0"]
[WhiteElo "2580"]
[BlackElo "2475"]

1.d4 Nf6 2.c4 g6 3.Nc3 Bg7 4.e4 d6 5.Be2 O-O 6.Nf3 e5 7.O-O Nc6 8.d5 Ne7
9.b4 Nh5 10.Re1 Nf4 11.Bf1 f5 12.Bxf4 exf4 13.e5 dxe5 14.Nxe5 a5 15.c5 axb4
16.Bc4 Be6 17.dxe6 bxc3 18.Nd7 Re8 19.Qf3 Ra4 20.Bb3 Rb4 21.Rac1 Kh8 22.Rxc3 Nc6
23.Rd3 Nd4 24.Qd5 f3 25.gxf3 Qg5+ 26.Kh1 Qh4 27.e7 Qxf2 28.Rde3 Ne6 29.R3e2 Re4
30.Qxe4  1-0

[Event "Yerevan ol (Men)"]
[Site "Yerevan"]
[Date "1996.??.??"]
[Round "3"]
[White "Chibukhchian, Artur"]
[Black "Amonatov, Farrukh"]
[Result "0-1"]
[WhiteElo "2310"]
[BlackElo "2110"]

1.d4 Nf6 2.c4 g6 3.Nc3 Bg7 4.Nf3 O-O 5.e4 d6 6.Be2 e5 7.O-O Nc6 8.d5 Ne7
9.b4 Nh5 10.c5 f5 11.Nd2 Nf4 12.cxd6 cxd6 13.Nc4 Kh8 14.Bf3 Qc7 15.Qb3 Bd7
16.Bd2 Rac8 17.Ne3 fxe4 18.Bxe4 Nf5 19.Rfe1 Nd4 20.Qb1 Qd8 21.Qd1 Qh4 22.f3 Qg5
23.Kh1 Nf5 24.g3 Nxe3 25.Rxe3 Nh3 26.Qe2 Qh5 27.Rd3 Rc4 28.a3 Rfc8 29.Qe3 Bh6
30.Qe1 Bxd2 31.Qxd2 Ng5 32.h4 Nf7 33.Kg2 Qh6 34.Qxh6 Nxh6 35.Ne2 Nf5 36.Rd2 Kg7
37.Kf2 Kf6 38.Raa2 Ba4 39.Rab2 R4c7 40.Bd3 Ne7 41.Be4 Bb5 42.g4 h6 43.Ke3 g5
44.h5 Kf7 45.Kf2 Bxe2 46.Kxe2 Ke8 47.Rb3 Kd8 48.Rbb2 Rc1 49.Rd1 R1c4 50.Rdd2 Ng8
51.Bf5 R8c7 52.Ke3 Nf6 53.Be4 Rc1 54.Ke2 Ra1 55.Ra2 Rg1 56.Bf5 Rgc1 57.Kf2 b6
58.a4 R7c4 59.a5 b5 60.Rab2 a6 61.Rb3 Ke7 62.Ke2 Rh1 63.Be6 e4 64.fxe4 Nxe4
65.Rdd3 Rc2+ 66.Ke3 Re1+  0-1

[Event "Yerevan ol (Men)"]
[Site "Yerevan"]
[Date "1996.??.??"]
[Round "4"]
[White "Teo Kok Cheng"]
[Black "Farley, Terry"]
[Result "1-0"]
[WhiteElo "2270"]
[BlackElo "2230"]

1.d4 Nf6 2.c4 g6 3.Nc3 Bg7 4.e4 d6 5.Nf3 O-O 6.Be2 e5 7.O-O Nc6 8.d5 Ne7
9.b4 Nh5 10.g3 Bh3 11.Re1 h6 12.Nd2 Nf4 13.Bf1 Bxf1 14.Nxf1 Nh3+ 15.Kg2 Qd7
16.c5 h5 17.Rb1 f5 18.Kxh3 f4+ 19.Kg2 f3+ 20.Kh1 Kh7 21.Bg5 Ng8 22.Ne3 Rf7
23.Qd3 Bh6 24.Bxh6 Nxh6 25.cxd6 cxd6 26.Rbc1 a6 27.b5 Kg7 28.b6 Rh8 29.Ncd1 Qd8
30.Rc7 Rxc7 31.bxc7 Qxc7 32.Nf1 Rf8 33.Re3 Qa5 34.Qa3 Qb5 35.Kg1 Qe2 36.Nc3 Qc2
37.h3 Rf6 38.Qb3 Qxb3 39.axb3 g5 40.Na4 Rf7 41.Rc3 g4 42.hxg4 hxg4 43.Ne3 Re7
44.Nb6 Kg6 45.Rc8 Nf7 46.Nf5  1-0

[Event "Yerevan ol (Women)"]
[Site "Yerevan"]
[Date "1996.??.??"]
[Round "4"]
[White "Cmilyte, Viktorija"]
[Black "Girkiyan Klink, Tamara"]
[Result "1-0"]
[WhiteElo "2180"]
[BlackElo "2275"]

1.d4 Nf6 2.c4 g6 3.Nc3 Bg7 4.e4 d6 5.Be2 O-O 6.Nf3 e5 7.O-O Nc6 8.d5 Ne7
9.b4 Nh5 10.Re1 Nf4 11.Bf1 h6 12.Nd2 g5 13.c5 f5 14.cxd6 cxd6 15.b5 Nfg6
16.exf5 e4 17.f6 Bxf6 18.Ndxe4 Be5 19.Bd2 Bd7 20.Rc1 Kg7 21.Ng3 Rc8 22.Nce4 Rxc1
23.Bxc1 Qa5 24.a4 Nxd5 25.Bd2 Qb6 26.Bxg5 Nc3 27.Be3 Qxe3 28.fxe3 Nxd1 29.Rxd1 Bg4
30.Be2 Bxe2 31.Nxe2 Kh7 32.Nd4 Rc8 33.Nf5 Rc4 34.Nexd6 Rxa4 35.Nxb7 Nh4 36.Rd7+ Kg6
37.Nxh4+ Rxh4 38.g3 Rb4 39.Rd5 Bc7 40.Kg2 Rb2+ 41.Kf3 Rxh2 42.Rd7 Bb6 43.Nd6 Rb2
44.g4 h5 45.gxh5+ Kxh5 46.Re7 Kg6 47.Re6+ Kg7 48.Ke4 Bc5 49.Nf5+ Kg8 50.Re8+ Kh7
51.Rb8 Kg6 52.Kd5 Bb6 53.Nd4 Rb1 54.Kc4 Kf6 55.Re8 Kf7 56.Re4 Rc1+ 57.Kd5 a6
58.Rf4+ Kg7 59.bxa6 Ra1 60.Kc6 Bxd4 61.exd4 Rxa6+ 62.Kd7 Ra5 63.Ke6 Ra6+
64.Ke5 Ra4 65.Rf1 Ra2 66.d5 Re2+ 67.Kd6 Rd2 68.Ke6 Re2+ 69.Kd7 Rd2 70.d6 Rd3
71.Ke7 Re3+ 72.Kd8 Rd3 73.d7 Rd2 74.Rf4 Rd1 75.Ke7 Re1+ 76.Kd6 Rd1+ 77.Ke6 Rd2
78.Rf5  1-0

[Event "Yerevan ol (Women)"]
[Site "Yerevan"]
[Date "1996.??.??"]
[Round "4"]
[White "Prudnikova, Svetlana"]
[Black "Arakhamia, Ketevan"]
[Result "1/2-1/2"]
[WhiteElo "2385"]
[BlackElo "2455"]

1.d4 Nf6 2.c4 g6 3.Nc3 Bg7 4.e4 d6 5.Be2 O-O 6.Nf3 e5 7.O-O Nc6 8.d5 Ne7
9.Nd2 a5 10.Rb1 Nd7 11.a3 f5 12.b4 Kh8 13.Qc2 Ng8 14.exf5 gxf5 15.f4 axb4
16.axb4 exf4 17.Nf3 Ndf6 18.Bxf4 Ne4 19.Nxe4 fxe4 20.Nd2 Bf5 21.Nxe4 Qe8
22.Bd3 Ra3 23.Rfe1 Rxd3 24.Qxd3 Nf6 25.Nxf6 Qxe1+ 26.Rxe1 Bxd3 27.Re8 Bxc4
28.Rxf8+ Bxf8 29.Ne8 Bxd5 30.Nxc7 Bc4 31.Ne8 d5 32.Bd6 Bb5 33.Bxf8  1/2-1/2

[Event "Yerevan ol (Men)"]
[Site "Yerevan"]
[Date "1996.??.??"]
[Round "5"]
[White "Dumitrache, Dragos"]
[Black "Kupreichik, Viktor D"]
[Result "0-1"]
[WhiteElo "2495"]
[BlackElo "2510"]

1.d4 Nf6 2.c4 d6 3.Nc3 g6 4.e4 Bg7 5.Be2 O-O 6.Nf3 e5 7.O-O Nc6 8.d5 Ne7
9.b4 Nh5 10.Re1 f5 11.Ng5 Nf4 12.Bxf4 exf4 13.Rc1 fxe4 14.Ncxe4 Nf5 15.c5 Nd4
16.cxd6 cxd6 17.Bg4 Bxg4 18.Qxg4 Rf5 19.Ne6 Nxe6 20.dxe6 Qe7 21.h4 d5 22.Ng5 Qxb4
23.e7 Re8 24.Rb1 Qc3 25.Re6 Bf6 26.Rxb7 Bxg5 27.Rxa7 Kf7 28.Raa6 Rxe7  0-1

[Event "Yerevan ol (Women)"]
[Site "Yerevan"]
[Date "1996.??.??"]
[Round "5"]
[White "Paasikangas, Johanna"]
[Black "Lematschko, Tatjana"]
[Result "1-0"]
[WhiteElo "2195"]
[BlackElo "2275"]

1.d4 g6 2.c4 Bg7 3.Nc3 d6 4.e4 Nf6 5.Nf3 O-O 6.Be2 e5 7.O-O Nc6 8.d5 Ne7
9.b4 a5 10.Ba3 axb4 11.Bxb4 Ne8 12.c5 f5 13.Ng5 fxe4 14.Bg4 Nf5 15.Ncxe4 Bf6
16.Ne6 Bxe6 17.dxe6 d5 18.c6 Be7 19.Bxe7 Nxe7 20.cxb7 Ra5 21.Ng5 Qb8 22.Nf7 Qxb7
23.Qe1 Qa7 24.Qxe5 Ng7 25.Qf6 Re8 26.Ne5 c5 27.Nd7 Kh8 28.h4 Ng8 29.Qe5 h5
30.Bh3 d4 31.Rac1 Rc8 32.Qg5 c4 33.Qxg6 d3 34.Rxc4 Rxc4 35.Nf8 Ne8 36.Qxe8 Qg7
37.Qd8 Rac5 38.e7 Nxe7 39.Ne6+ Qg8 40.Qxe7  1-0

[Event "Yerevan ol (Men)"]
[Site "Yerevan"]
[Date "1996.??.??"]
[Round "5"]
[White "Rasmussen, Rogvi W"]
[Black "Yung, Lau"]
[Result "0-1"]
[WhiteElo "2100"]
[BlackElo "2030"]

1.d4 Nf6 2.c4 g6 3.Nf3 Bg7 4.Nc3 d6 5.e4 O-O 6.Be2 e5 7.O-O Nc6 8.d5 Ne7
9.b4 Ne8 10.c5 f5 11.Nd2 f4 12.cxd6 cxd6 13.Nc4 g5 14.Ba3 Ng6 15.Rc1 Rf7
16.b5 Bf8 17.b6 a6 18.f3 Rg7 19.Kf2 g4 20.fxg4 Qh4+ 21.Kg1 Nh8 22.Qe1 Qh6
23.Nd1 Nf7 24.Rc3 Bxg4 25.Bxg4 Rxg4 26.Nf2 Rg6 27.Nh3 Rc8 28.Na5 Rb8 29.Kh1 Be7
30.Bc1 Kh8 31.Rg1 Bd8 32.Rb3 Nf6 33.Nf2 Ng5 34.g3 Bxb6 35.Rxb6 Nf3 36.Ng4 Nxg4
37.Qe2 Nxg1 38.Kxg1 Rc8 39.Bd2 Qh3 40.Rxb7 f3 41.Qf1 Qxh2+  0-1

[Event "Yerevan ol (Men)"]
[Site "Yerevan"]
[Date "1996.??.??"]
[Round "5"]
[White "Ortiz, E."]
[Black "Georgiev, Vladimir"]
[Result "0-1"]
[WhiteElo "2205"]
[BlackElo "2465"]

1.d4 Nf6 2.c4 d6 3.Nc3 g6 4.e4 Bg7 5.Be2 O-O 6.Nf3 e5 7.O-O Nc6 8.d5 Ne7
9.b4 a5 10.Ba3 axb4 11.Bxb4 Nd7 12.a4 Kh8 13.a5 Bh6 14.Nb5 f5 15.c5 Nxc5
16.Bxc5 fxe4 17.Nxe5 dxc5 18.d6 cxd6 19.Nxd6 Be6 20.Nxb7 Qc7 21.Qd6 Qxd6
22.Nxd6 Bg7 23.Ndc4 Bxc4 24.Nxc4 Bxa1 25.Rxa1 Nd5 26.Bf1 Rf6 27.Rd1 Nb4 28.Rd2 Nc6
29.Ra2 Kg7 30.h4 Re6 31.g3 Ra7 32.Bh3 Re8 33.Bg2 Ree7 34.Ra1 Ra6 35.Ra4 Nd4
36.Ra3 Nf5 37.Bf1 Rea7 38.Kh2 Nd4 39.Re3 Rf6 40.Kg1 Raf7 41.Ne5 Re7 42.Nc4 Rf3
43.a6 Rxe3 44.Nxe3 Nf3+ 45.Kg2 Ne1+ 46.Kg1 Nd3 47.Bg2 Nb4 48.a7 Rxa7 49.Bxe4 Ra1+
50.Kg2 Re1 51.Kf3 Rc1 52.Ke2 c4 53.Kd2 Na2 54.Nc2 Rf1 55.Ke2 Rb1 56.Ke3 Rd1
57.Bf3 Rd3+ 58.Kf4 Rd2 59.Na3 Rd4+ 60.Ke5 Rd3  0-1